Library and society : (Record no. 86590)

MARC details
000 -LEADER
fixed length control field 00657nam a22002057a 4500
005 - DATE AND TIME OF LATEST TRANSACTION
control field 20140814111014.0
010 ## - LCCN (DPL NO)
LC control number ENG-110433
020 ## - INTERNATIONAL STANDARD BOOK NUMBER
International Standard Book Number 9789380036601
Terms of availability 280.00
035 ## - SYSTEM CONTROL NUMBER
System control number EN-93965
037 ## - SOURCE OF ACQUISITION
Source of stock number/acquisition DBAD/PUB
082 ## - DEWEY DECIMAL CLASSIFICATION NUMBER
Classification number 021.2
100 ## - MAIN ENTRY--PERSONAL NAME
Personal name Sahu, Nivedita Bhattacharyya
245 ## - TITLE STATEMENT
Title Library and society :
Statement of responsibility, etc by Nivedita Bhattacharyya Sahu [and] Biplab Chakrabarti
Remainder of title an introduction /
260 ## - PUBLICATION, DISTRIBUTION, ETC. (IMPRINT)
Place of publication, distribution, etc Kolkata
Name of publisher, distributor, etc Mitram
Date of publication, distribution, etc 2014
270 ## - ADDRESS
Address 37 A, College Street
City Kolkata
Postal code 73
300 ## - PHYSICAL DESCRIPTION
Extent 344p.
Dimensions 22cm(pbk)
500 ## - GENERAL NOTE
General note Includes bibliographical references and index
700 ## - ADDED ENTRY--PERSONAL NAME
Personal name Chakrabarti, Biplab
942 ## - ADDED ENTRY ELEMENTS (KOHA)
Source of classification or shelving scheme Dewey Decimal Classification
Item type English Books
Call number suffix SAH
Classification part 021.2
Holdings
Withdrawn status Lost status Not for loan Collection code Home library Current library Date acquired Source of acquisition Cost, normal purchase price Full call number Barcode Copy number Cost, replacement price Koha item type
    Not For Loan Non-fiction D.B.Act.Division D.B.Act.Division 08/07/2014 DBAD/PUB 280.00 021.2 SAH EN-93965 1 280.00 English Books

© Delhi Public Library
Hit Counter
free hit counter